000 01303nam a22003377i 4500
003 DO-SdBNP
005 20250708144319.0
007 ta
008 110301s2021 dr a 000 p spa d
020 _a9789945807981
040 _aDO-SdBNP
_bspa
_cBNPHU
_erda
041 _aspa
082 4 _aRD861.4408
_bB844p
_222
100 1 _aBretón Martínez, Freddy Antonio de Jesús,
_d1947-
_eautor
_4aut.
_911012
245 1 0 _aPoesías completas /
_cFreddy Bretón ; ilustraciones, Leonor Bello Herrera, Manuel Ruiz, Wieslaw Szpila, Ivonne Alba
264 1 _aSanto Domingo, República Dominicana :
_bAmigo del Hogar,
_c2021.
300 _a383 páginas :
_bilustraciones ;
_c19 cm.
336 _atexto
_btxt
_2rdacontent
337 _asin mediación
_bn
_2rdamedia
338 _avolumen
_bnc
_2rdacarrier
500 _aIncluye datos biográficos del autor en las solapas
590 _aInventariado, 2022/ YL
650 4 _aPoesía dominicana
_vColecciones
650 4 _aLiteratura dominicana
700 1 _aBello Herrera, Leonor
_eilustraciones
_4il.
_982653
700 1 _aRuiz, Manuel
_eilustraciones
_982654
_4il.
700 1 _aSzpila, Wieslaw
_eilustraciones
_4il.
_982027
700 1 _aAlba, Ivonne
_eilustraciones
_4il.
_982655
910 _aYLockward/Validado. Control de calidad MFF
942 _2ddc
_cLBS1
999 _c52725
_d52725